000 00938nam a22002411 4500
005 20090528161029.0
008 721219s1962 nyu 000 0 eng
010 _aENG-93791
020 _c695.00
_a9788131305126
035 _aEN-77324
037 _bDBAD / PUB
040 _adpl
_bEnglish
082 _a027.006
100 _aTiwari, Purushotham
245 _aOrganisation and development of libraries /
_cby Purushotham Tiwari
260 _aNew Delhi
_bAPH Publishing
_c2009
270 _a4435-36/7, Ansari Road, Daryaganj,
_bNew Delhi
_e110002
300 _av, 272p.
_c23cm(Hb)
500 _aIncludes bibliographical references and index
942 _cEN
_mTIW
_2ddc
_h027.006
999 _c26921
_d26921